00543nam a2200181Ia 450000500170000000800410001702000270005804000190008504100120010408200160011610000180013224500650015026000410021530000120025650400500026865000330031885000100035120221126122618.0131103s9999 xx 000 0 und d aSBN : 195620763cRs.30 aLoreto College aEnglish a954.14bSAR aSarkar,Tanika aBengal 1928 - 1934b The politics of protest cTanika Sarkar aDelhibOxford University Pressc1987 a183 p.  aIncludes bibliographical references and index aBengal History - 1928 - 1934 aLCLIB